书目信息 |
| 题名: |
三峡工程资本运营探索与实践
|
|
| 作者: | 李永安 著 | |
| 分册: | ||
| 出版信息: | 北京 中信出版社 2014 |
|
| 页数: | 300页 | |
| 开本: | 23cm | |
| 丛书名: | ||
| 单 册: | ||
| 中图分类: | F426.906.76 , TV632.71 | |
| 科图分类: | ||
| 主题词: | 三峡水利工程--资本经营--研究 , 水利枢纽--世界 , 水库--世界 | |
| 电子资源: | ||
| ISBN: | 978-7-5086-3638-2 | |
| 000 | 01147nam0 2200265 450 | |
| 001 | 400 | |
| 005 | 20160906091040.54 | |
| 010 | @a978-7-5086-3638-2@dCNY58.00 | |
| 100 | @a20140303d2014 em y0chiy50 ea | |
| 101 | 0 | @achi |
| 102 | @aCN@b110000 | |
| 105 | @aa z 000yy | |
| 200 | 1 | @a三峡工程资本运营探索与实践@9san xia gong cheng zi ben yun ying tan suo yu shi jian@dExploration and practice of the capital operation on China Yangtze River Three Gorges Project@zeng@f李永安著 |
| 210 | @a北京@c中信出版社@d2014 | |
| 215 | @a300页@c彩照,彩图@d23cm | |
| 330 | @a本书作者作为三峡工程的亲身经历者,从体制、资本、战略三个方面来研究三峡工程资本运营理论与实践,对工程资本运营实践中的重大事件进行分析和总结,揭示三峡工程资本运营的实践策略历程及其运作规律。 | |
| 510 | 1 | @aExploration and practice of the capital operation on China Yangtze River Three Gorges Project@zeng |
| 606 | 0 | @a三峡水利工程@x资本经营@x研究 |
| 606 | 0 | @a水利枢纽@x世界 |
| 606 | 0 | @a水库@x世界 |
| 690 | @aF426.906.76@v5 | |
| 690 | @aTV632.71@v4 | |
| 701 | 0 | @a李永安@9li yong an@c(电站)@4著 |
| 801 | 0 | @aCN@b唐山师范学院图书馆@c20160722 |
| 905 | @aZUCC@dTV632.71@e65 | |
| 三峡工程资本运营探索与实践=Exploration and practice of the capital operation on China Yangtze River Three Gorges Project/李永安著.-北京:中信出版社,2014 |
| 300页:彩照,彩图;23cm |
| ISBN 978-7-5086-3638-2:CNY58.00 |
| 本书作者作为三峡工程的亲身经历者,从体制、资本、战略三个方面来研究三峡工程资本运营理论与实践,对工程资本运营实践中的重大事件进行分析和总结,揭示三峡工程资本运营的实践策略历程及其运作规律。 |
| ● |
| 相关链接 |
|
|
|
|
正题名:三峡工程资本运营探索与实践
索取号:TV632.71/65
 
预约/预借
| 序号 | 登录号 | 条形码 | 馆藏地/架位号 | 状态 | 备注 |
| 1 | 901683 | 209016839 | 第二样本阅览室/ [索取号:TV632.71/65] | 在馆 | |
| 2 | 901684 | 209016848 | 第三借阅区/ [索取号:TV632.71/65] | 在馆 | |
| 3 | 901685 | 209016857 | 第三借阅区/ [索取号:TV632.71/65] | 在馆 | |
| 4 | 901686 | 209016866 | 第三借阅区/ [索取号:TV632.71/65] | 在馆 |